00346nam a2200133Ia 450000500170000000800410001708200170005810000310007524500220010626000460012830000130017465000130018765000120020020250514010744.0240331s9999 xx 000 0 und d a200.042bVAJ aWajira Sil Matha, Panadure 0aBhikshuni wansaya aAnuradhapurabGunasekara & Samagamac1992 a384 p ., aBuddhism aHistory